10 stanów USA z najwyższym wskaźnikiem morderstw - Statystyki

Ogólne statystyki
  • Ten quiz został rozwiązany 116 razy
    102 od ostatniego zresetowania
  • Średni wynik to 5 z 10
Statystyki odpowiedzi
Wskaźnik morderstw Zmiana Stan % Poprawnych
9,6 +52 Alabama
75%
8,8 +57 Georgia
59%
15,8 +41 Luizjana
58%
9,1 +63 Illinois
53%
10,6 +33 Missisipi
49%
10,6 +93 Arkansas
42%
9,6 +65 Tennessee
40%
10,5 +54 Karolina Południowa
39%
11,8 +93 Missouri
39%
9,1 +34 Maryland
14%
Nie znaleziono quizów pasujących do podanych kryteriów
Rozkład punktacji
Procent ludzi z każdym wynikiem
Percentyl według liczby udzielonych odpowiedzi
Twoja historia wyników
Nie rozwiązałeś tego quizu od ostatniego zresetowania